[Event "Medellin Castro Memorial op-B 31st"]
[White "Perez Lujan, Mateo"]
[Black "Ossa Ramirez, Jesus Antonio"]
[Site "Medellin"]
[Round "2"]
[Result "1-0"]
[Date "2024.08.08"]
[WhiteElo "1963"]
[BlackElo "1675"]
[PlyCount "73"]
[EventDate "2024.08.07"]
[EventType "swiss"]
[EventRounds "9"]
[EventCountry "COL"]
[SourceTitle "CBM 221 Extra"]
[Source "ChessBase"]
[SourceDate "2024.09.30"]
[SourceVersion "1"]
[SourceVersionDate "2024.09.30"]
[SourceQuality "1"]

1. e4 e5 2. Nf3 Nc6 3. Bb5 d6 4. c3 Bd7 5. d3 Nf6 6. Qe2 Ne7 7. Bc4 h6 8. Nbd2 Ng6 9. Nf1 Be7 10. Ng3 c6 11. d4 0-0 12. Nf5 Bxf5 13. exf5 Nf4 14. Bxf4 exf4 15. Qd2 d5 16. Bd3 Bd6 17. 0-0 Re8 18. Ne5 Qc7 19. Qxf4 Bxe5 20. dxe5 Qxe5 21. Qf3 Qd6 22. Rad1 Rad8 23. h4 Nd7 24. Bb1 Qf6 25. Rd4 Re5 26. Rf4 Nf8 27. Qh5 Rd6 28. g3 Kh7 29. g4 Kg8 30. g5 Qd8 31. Rg4 hxg5 32. hxg5 g6 33. fxg6 Nxg6 34. f4 Qb6+ 35. Kh1 Qe3 36. fxe5 a6 37. exd6 1-0

[Event "American Continental 18th"]
[White "Diaz Uchima, Emmanuel Santiago"]
[Black "Ossa Ramirez, Jesus Antonio"]
[Site "Medellin"]
[Round "8"]
[Result "1-0"]
[Date "2024.05.29"]
[WhiteElo "1499"]
[BlackElo "1734"]
[PlyCount "59"]
[EventDate "2024.05.24"]
[EventType "swiss"]
[EventRounds "11"]
[EventCountry "COL"]
[SourceTitle "CBM 220 Extra"]
[Source "ChessBase"]
[SourceDate "2024.07.31"]
[SourceVersion "1"]
[SourceVersionDate "2024.07.31"]
[SourceQuality "1"]

1. e4 e5 2. Nf3 Nc6 3. Bb5 d6 4. c3 Bd7 5. d4 exd4 6. cxd4 Nf6 7. Nc3 h6 8. h3 Ne7 9. Bxd7+ Qxd7 10. d5 0-0-0 11. Be3 Kb8 12. Qd4 c5 13. Qa4 Qxa4 14. Nxa4 g5 15. Nc3 g4 16. Nd2 Ng6 17. f4 gxf3 18. gxf3 Ne5 19. b3 Re8 20. 0-0-0 Nfd7 21. Rhg1 Be7 22. Kc2 a6 23. a4 Rc8 24. f4 Ng6 25. Nc4 Bf8 26. f5 Ne7 27. Nxd6 Nxd5 28. Rxd5 Bxd6 29. Rxd6 Ne5 30. Rxh6 1-0

[Event "American Continental 18th"]
[White "Sepulveda Tuberquia, Ferney"]
[Black "Ossa Ramirez, Jesus Antonio"]
[Site "Medellin"]
[Round "2"]
[Result "1-0"]
[Date "2024.05.25"]
[WhiteElo "2025"]
[BlackElo "1734"]
[PlyCount "81"]
[EventDate "2024.05.24"]
[EventType "swiss"]
[EventRounds "11"]
[EventCountry "COL"]
[SourceTitle "CBM 220 Extra"]
[Source "ChessBase"]
[SourceDate "2024.07.31"]
[SourceVersion "1"]
[SourceVersionDate "2024.07.31"]
[SourceQuality "1"]

1. d4 g6 2. c4 Bg7 3. Nc3 e5 4. Nf3 Nc6 5. d5 Nce7 6. d6 cxd6 7. e4 Qb6 8. Nb5 Nf6 9. Nxd6+ Kf8 10. Be2 Qb4+ 11. Qd2 Qxd2+ 12. Bxd2 Nc6 13. Bc3 Nh5 14. g3 Ke7 15. 0-0-0 f6 16. b4 Bh6+ 17. Kb2 Ng7 18. b5 Ne6 19. bxc6 bxc6 20. Bb4 c5 21. Ba3 a6 22. Rd5 Rb8+ 23. Ka1 Rb6 24. Rhd1 Rc6 25. Nxc8+ Rhxc8 26. Rxd7+ Kf8 27. Rb1 Kg8 28. Rbb7 Bg7 29. Nd2 f5 30. Bd3 f4 31. g4 h6 32. Nb1 g5 33. Nc3 Bf8 34. Nd5 Nd8 35. Ra7 Rb8 36. Bb2 Re6 37. Bxe5 Nc6 38. Bxb8 Nxb8 39. Rf7 Nc6 40. Rf6 Nxa7 41. Rxe6 1-0

[Event "Medellin Easter op 11th"]
[White "Gomez Silva, Maximiliano"]
[Black "Ossa Ramirez, Jesus Antonio"]
[Site "Medellin"]
[Round "5"]
[Result "0-1"]
[Date "2023.04.08"]
[WhiteElo "1264"]
[BlackElo "1598"]
[PlyCount "70"]
[EventDate "2023.04.05"]
[EventType "swiss"]
[EventRounds "7"]
[EventCountry "COL"]
[SourceTitle "CBM 213 Extra"]
[Source "ChessBase"]
[SourceDate "2023.05.31"]
[SourceVersion "1"]
[SourceVersionDate "2023.05.31"]
[SourceQuality "1"]

1. e4 e5 2. Nf3 Nc6 3. Bc4 h6 4. c3 Bc5 5. d3 Nf6 6. Nbd2 d6 7. h3 Qe7 8. Nf1 Be6 9. Bb3 a6 10. Ng3 0-0-0 11. 0-0 Qd7 12. Bxe6 fxe6 13. Re1 Ne7 14. Be3 Bxe3 15. fxe3 g5 16. Nh2 Ng6 17. Ng4 Rdf8 18. Nxf6 Rxf6 19. Qh5 Qg7 20. Qg4 Qe7 21. d4 exd4 22. cxd4 Kb8 23. Rf1 Rhf8 24. Qh5 Nh4 25. e5 dxe5 26. dxe5 Rxf1+ 27. Rxf1 Rxf1+ 28. Kxf1 Qc5 29. Qe8+ Ka7 30. Qxe6 Qxe3 31. Ne2 Qe4 32. Qf6 Qxg2+ 33. Ke1 Nf3+ 34. Kd1 Qf1+ 35. Kc2 Qxe2+ 0-1

[Event "Medellin Aristizabal Cup"]
[White "Toro Castaneda, Elizabeth"]
[Black "Ossa Ramirez, Jesus Antonio"]
[Site "Medellin"]
[Round "3"]
[Result "1-0"]
[Date "2020.11.20"]
[WhiteElo "1989"]
[BlackElo "1612"]
[PlyCount "37"]
[EventDate "2020.11.18"]
[EventType "swiss"]
[EventRounds "7"]
[EventCountry "COL"]
[SourceTitle "CBM 199 Extra"]
[Source "ChessBase"]
[SourceDate "2021.01.31"]
[SourceVersion "1"]
[SourceVersionDate "2021.01.31"]
[SourceQuality "1"]

1. e4 e5 2. Nf3 Nc6 3. d4 exd4 4. Nxd4 Ne5 5. f4 Ng6 6. Bc4 d6 7. 0-0 h5 8. Nc3 Bg4 9. Qd3 Bd7 10. Bd2 c6 11. Rae1 Be7 12. Bb3 Nh6 13. e5 d5 14. e6 Bc8 15. f5 Nf8 16. Kh1 Ng4 17. Nxd5 Nxh2 18. exf7+ Kd7 19. Rxe7+ 1-0

[Event "Medellin U2000 op"]
[White "Ossa Ramirez, Jesus Antonio"]
[Black "Grajales Villamil, Daniel Adolfo"]
[Site "Medellin"]
[Round "3.9"]
[Result "0-1"]
[Date "2019.10.??"]
[WhiteElo "1853"]
[BlackElo "1628"]
[PlyCount "48"]
[EventDate "2019.10.19"]
[EventType "swiss"]
[EventRounds "7"]
[EventCountry "COL"]
[SourceTitle "EXT 2024"]
[Source "ChessBase"]
[SourceDate "2023.10.10"]
[SourceVersion "1"]
[SourceVersionDate "2023.10.10"]
[SourceQuality "1"]

1. e4 e5 2. Nf3 Nc6 3. Bc4 Nf6 4. Ng5 d5 5. exd5 Na5 6. Bb5+ c6 7. dxc6 bxc6 8. Be2 Bc5 9. c3 Bb6 10. b4 Nb7 11. Bc4 Nd6 12. Qb3 0-0 13. 0-0 Rb8 14. a4 h6 15. Nf3 e4 16. Ne5 Nxc4 17. Qxc4 Be6 18. Qxc6 Bd5 19. Qb5 Bxf2+ 20. Rxf2 Rxb5 21. axb5 Qb6 22. c4 Qd4 23. Nc3 Qxe5 24. Nxd5 Qxa1 0-1

[Event "Medellin Aristizabal Cup"]
[White "Ossa Ramirez, Jesus Antonio"]
[Black "Toro Castaneda, Miguel Angel"]
[Site "Medellin"]
[Round "3"]
[Result "0-1"]
[Date "2019.01.24"]
[WhiteElo "1670"]
[BlackElo "1887"]
[PlyCount "52"]
[EventDate "2019.01.24"]
[EventType "swiss"]
[EventRounds "7"]
[EventCountry "COL"]
[SourceTitle "EXT 2020"]
[Source "ChessBase"]
[SourceDate "2019.10.17"]
[SourceVersion "1"]
[SourceVersionDate "2019.10.17"]
[SourceQuality "1"]

1. e4 c5 2. Nf3 d6 3. Bc4 Nf6 4. c3 g6 5. Qa4+ Bd7 6. Qb3 e6 7. Qxb7 Nc6 8. d3 Rb8 9. Qa6 Rb6 10. Qa4 Ne5 11. Qc2 Nxf3+ 12. gxf3 Bg7 13. Nd2 0-0 14. Nf1 Bc6 15. Bg5 h6 16. Be3 Rb7 17. Ng3 Qa5 18. 0-0 d5 19. Bb3 h5 20. e5 Nd7 21. f4 Rfb8 22. c4 d4 23. Bd2 Qd8 24. Rae1 Bf3 25. Bc1 Qh4 26. Qd2 Qh3 0-1

[Event "COL-chB U1800"]
[White "Lopez, Jose Henry"]
[Black "Ossa Ramirez, Jesus Antonio"]
[Site "Antioquia"]
[Round "3"]
[Result "0-1"]
[Date "2018.12.07"]
[WhiteElo "1610"]
[BlackElo "1688"]
[PlyCount "46"]
[EventDate "2018.12.06"]
[EventType "swiss"]
[EventRounds "7"]
[EventCountry "COL"]
[SourceTitle "CBM 190 Extra"]
[Source "ChessBase"]
[SourceDate "2019.07.15"]
[SourceVersion "1"]
[SourceVersionDate "2019.07.15"]
[SourceQuality "1"]

1. e4 e5 2. Nf3 Nc6 3. Nc3 Bc5 4. Bb5 d6 5. Bxc6+ bxc6 6. h3 Be6 7. d4 exd4 8. Nxd4 Qd7 9. Nxe6 Qxe6 10. 0-0 Ne7 11. Na4 Bb6 12. b3 Qxe4 13. Bb2 Rg8 14. Qd2 Qd5 15. Qf4 0-0-0 16. Qh4 Nf5 17. Qg4 Kb7 18. Rad1 Qe6 19. Rfe1 Qg6 20. Qb4 Rge8 21. c4 Nh4 22. g3 Qxg3+ 23. Kh1 Qg2# 0-1

[Event "Medellin Luces Cup"]
[White "Morales Guerrero, Alfonso Javier"]
[Black "Ossa Ramirez, Jesus Antonio"]
[Site "Medellin"]
[Round "2"]
[Result "0-1"]
[Date "2017.12.19"]
[WhiteElo "1989"]
[BlackElo "1667"]
[PlyCount "40"]
[EventDate "2017.12.18"]
[EventType "swiss"]
[EventRounds "7"]
[EventCountry "COL"]
[SourceTitle "CBM 182 Extra"]
[Source "ChessBase"]
[SourceDate "2018.02.23"]
[SourceVersion "1"]
[SourceVersionDate "2018.02.23"]
[SourceQuality "1"]

1. e4 e5 2. Bc4 Nc6 3. Nf3 h6 4. d4 exd4 5. Nxd4 Ne5 6. Bb3 Bc5 7. 0-0 d6 8. Be3 Nf6 9. f3 Bxd4 10. Bxd4 Be6 11. Bxe5 dxe5 12. Bxe6 fxe6 13. Qxd8+ Rxd8 14. Nc3 c6 15. Rad1 Ke7 16. b3 Rd4 17. Ne2 Rd7 18. Rxd7+ Nxd7 19. Rd1 g5 20. h3 h5 0-1

[Event "Medellin Aristizabal Cup"]
[White "Lopez Guarin, Simon"]
[Black "Ossa Ramirez, Jesus Antonio"]
[Site "Medellin"]
[Round "6"]
[Result "1-0"]
[Date "2017.09.10"]
[WhiteElo "1571"]
[BlackElo "1683"]
[PlyCount "51"]
[EventDate "2017.09.06"]
[EventType "swiss"]
[EventRounds "7"]
[EventCountry "COL"]
[SourceTitle "CBM 180 Extra"]
[Source "ChessBase"]
[SourceDate "2017.10.06"]
[SourceVersion "1"]
[SourceVersionDate "2017.10.06"]
[SourceQuality "1"]

1. e4 e5 2. Nf3 Nc6 3. Bc4 h6 4. d4 exd4 5. Nxd4 Ne5 6. Bb3 Nf6 7. f4 Ng6 8. e5 Ne4 9. Qe2 Qh4+ 10. g3 Nxg3 11. Qf2 Nxh1 12. Qxh4 Nxh4 13. Nc3 Bc5 14. Ndb5 Bb6 15. Nd5 Kd8 16. Nxb6 axb6 17. Bxf7 Nf3+ 18. Ke2 Nxh2 19. Bg6 Ng4 20. Kf3 h5 21. Bd2 Nhf2 22. Re1 Rxa2 23. f5 Rxb2 24. Bg5+ Nf6 25. exf6 c6 26. fxg7# 1-0

[Event "Medellin Aristizabal Cup"]
[White "Ossa Ramirez, Jesus Antonio"]
[Black "Medina, Julio C"]
[Site "Medellin"]
[Round "3"]
[Result "0-1"]
[Date "2017.09.08"]
[WhiteElo "1683"]
[BlackElo "1909"]
[PlyCount "44"]
[EventDate "2017.09.06"]
[EventType "swiss"]
[EventRounds "7"]
[EventCountry "COL"]
[SourceTitle "CBM 180 Extra"]
[Source "ChessBase"]
[SourceDate "2017.10.06"]
[SourceVersion "1"]
[SourceVersionDate "2017.10.06"]
[SourceQuality "1"]

1. e4 c5 2. Nf3 e6 3. c3 Nf6 4. e5 Nd5 5. Bc4 d6 6. Bxd5 exd5 7. 0-0 dxe5 8. Nxe5 Bd6 9. d4 0-0 10. f4 Nc6 11. Nxc6 bxc6 12. dxc5 Bxc5+ 13. Kh1 Ba6 14. Rf3 Re8 15. Rg3 Bf2 16. Bd2 Bxg3 17. hxg3 Qb6 18. b3 Qf2 19. Qf3 Qxf3 20. gxf3 Re2 21. a4 Rae8 22. Kg1 Bd3 0-1

[Event "COL-ch"]
[White "Latorre, Franklin Leandro"]
[Black "Ossa Ramirez, Jesus Antonio"]
[Site "Palmira"]
[Round "7"]
[Result "1-0"]
[Date "2017.05.19"]
[WhiteElo "1827"]
[BlackElo "1695"]
[PlyCount "33"]
[EventDate "2017.05.15"]
[EventType "swiss"]
[EventRounds "10"]
[EventCountry "COL"]
[SourceTitle "CBM 178 Extra"]
[Source "ChessBase"]
[SourceDate "2017.06.22"]
[SourceVersion "1"]
[SourceVersionDate "2017.06.22"]
[SourceQuality "1"]

1. e4 e5 2. Nf3 Nc6 3. d4 exd4 4. Bc4 h6 5. 0-0 d6 6. c3 Ne5 7. Nxe5 dxe5 8. f4 Bc5 9. Kh1 exf4 10. Bxf4 dxc3 11. Bxf7+ Ke7 12. Qh5 Bd4 13. bxc3 Nf6 14. Qg6 Rf8 15. Bb3 Nh5 16. Qxh5 Rxf4 17. Rxf4 1-0

[Event "COL-ch"]
[White "Cifuentes, Santiago"]
[Black "Ossa Ramirez, Jesus Antonio"]
[Site "Palmira"]
[Round "5"]
[Result "0-1"]
[Date "2017.05.18"]
[WhiteElo "1553"]
[BlackElo "1695"]
[PlyCount "60"]
[EventDate "2017.05.15"]
[EventType "swiss"]
[EventRounds "10"]
[EventCountry "COL"]
[SourceTitle "CBM 178 Extra"]
[Source "ChessBase"]
[SourceDate "2017.06.22"]
[SourceVersion "1"]
[SourceVersionDate "2017.06.22"]
[SourceQuality "1"]

1. d4 d5 2. Bf4 Nf6 3. e3 Bf5 4. Nf3 Nbd7 5. h3 h6 6. Be2 e6 7. 0-0 g5 8. Bh2 g4 9. hxg4 Nxg4 10. Bg3 h5 11. Bh4 Be7 12. Bxe7 Qxe7 13. Bd3 0-0-0 14. c3 Rdg8 15. b4 Be4 16. a4 f5 17. Qe2 Qg7 18. Bxe4 fxe4 19. Nh4 Qg5 20. g3 Nh6 21. Kh2 Nf6 22. Rh1 Nfg4+ 23. Kg2 Rf8 24. Rf1 Nf5 25. Nxf5 Rxf5 26. Nd2 h4 27. f4 exf3+ 28. Nxf3 Nxe3+ 29. Kh1 hxg3+ 30. Kg1 Qh6 0-1

[Event "Manizales op 26th"]
[White "Ossa Ramirez, Jesus Antonio"]
[Black "Marino Martinez, Edgar Orlando"]
[Site "Manizales"]
[Round "5"]
[Result "0-1"]
[Date "2017.01.06"]
[WhiteElo "1695"]
[BlackElo "1609"]
[PlyCount "88"]
[EventDate "2017.01.04"]
[EventType "swiss"]
[EventRounds "9"]
[EventCountry "COL"]
[SourceTitle "CBM 176 Extra"]
[Source "ChessBase"]
[SourceDate "2017.03.02"]
[SourceVersion "1"]
[SourceVersionDate "2017.03.02"]
[SourceQuality "1"]

1. e4 c5 2. Nf3 d6 3. c3 Nf6 4. Bc4 Nxe4 5. Qa4+ Bd7 6. Bxf7+ Kxf7 7. Qxe4 h6 8. Qxb7 Bc6 9. Qb3+ e6 10. d4 Bxf3 11. gxf3 Nd7 12. f4 Qc7 13. Be3 Be7 14. f5 c4 15. fxe6+ Kxe6 16. Qc2 Bf6 17. Nd2 Rhb8 18. Rg1 d5 19. Rg3 a5 20. Ke2 a4 21. a3 Rb6 22. Nf3 Rab8 23. Rb1 R8b7 24. Kf1 Qb8 25. Bc1 Rb3 26. Qe2+ Kf7 27. Nd2 Rxa3 28. Qh5+ Ke6 29. Re3+ Kd6 30. Qf7 Nf8 31. Qe8 Ra2 32. Kg2 a3 33. Qxb8+ Rxb8 34. b4 cxb3 35. Rxb3 Rxb3 36. Nxb3 Ne6 37. Rf3 Ng5 38. Rd3 Ne4 39. Be3 Rb2 40. Na1 a2 41. Bc1 Rxf2+ 42. Kh3 Rf1 43. Bb2 Rxa1 44. Bxa1 Nf2+ 0-1

[Event "Manizales op 26th"]
[White "Ossa Ramirez, Jesus Antonio"]
[Black "Lopez Idarraga, Daniel Eduardo"]
[Site "Manizales"]
[Round "1"]
[Result "1/2-1/2"]
[Date "2017.01.04"]
[WhiteElo "1695"]
[BlackElo "2081"]
[PlyCount "102"]
[EventDate "2017.01.04"]
[EventType "swiss"]
[EventRounds "9"]
[EventCountry "COL"]
[SourceTitle "CBM 176 Extra"]
[Source "ChessBase"]
[SourceDate "2017.03.02"]
[SourceVersion "1"]
[SourceVersionDate "2017.03.02"]
[SourceQuality "1"]

1. e4 c5 2. Nf3 Nc6 3. c3 Nf6 4. e5 Nd5 5. Bc4 e6 6. 0-0 d6 7. d4 Be7 8. Nbd2 0-0 9. Ne4 cxd4 10. cxd4 h6 11. h3 a6 12. Nc3 Nxc3 13. bxc3 b5 14. Bb3 Bb7 15. Re1 dxe5 16. Nxe5 Nxe5 17. Rxe5 Bf6 18. Re3 Rc8 19. Qg4 g6 20. Ba3 Re8 21. Rae1 Bd5 22. Bc5 Kg7 23. Qe2 Qd7 24. Bxd5 Qxd5 25. a4 Qb3 26. axb5 axb5 27. Qf3 Red8 28. Ra1 Qd5 29. Qe2 Rxc5 30. dxc5 b4 31. c4 Qxc5 32. Rb1 Bd4 33. Rf3 Bc3 34. Qe4 Rd4 35. Qb7 Qf8 36. c5 Rd8 37. c6 Be5 38. g3 Rb8 39. Qa7 Rc8 40. Qd7 Rc7 41. Qd2 Qd6 42. Qxb4 Qxc6 43. Qb3 Qc2 44. Qxc2 Rxc2 45. Rb7 Bf6 46. Ra3 Bd4 47. Rf3 Bf6 48. Rd3 Rc8 49. Rdd7 Rf8 50. Kf1 g5 51. g4 Kg6 1/2-1/2

[Event "Villamaria op 2nd"]
[White "Ossa Ramirez, Jesus Antonio"]
[Black "Beltran Cervantes, Daniel"]
[Site "Villamaria"]
[Round "6"]
[Result "0-1"]
[Date "2016.07.04"]
[WhiteElo "1697"]
[BlackElo "1559"]
[PlyCount "44"]
[EventDate "2016.07.02"]
[EventType "swiss"]
[EventRounds "7"]
[EventCountry "COL"]
[SourceTitle "CBM 173 Extra"]
[Source "ChessBase"]
[SourceDate "2016.08.29"]
[SourceVersion "1"]
[SourceVersionDate "2016.08.29"]
[SourceQuality "1"]

1. e4 e5 2. Nf3 Nc6 3. Bc4 Nf6 4. Ng5 d5 5. exd5 Na5 6. Be2 Nxd5 7. d3 Be7 8. Ne4 0-0 9. Be3 f5 10. Nec3 Nxe3 11. fxe3 f4 12. 0-0 Bc5 13. d4 exd4 14. Na4 Bb6 15. Nxb6 axb6 16. Qxd4 Qxd4 17. exd4 Be6 18. Nd2 Nc6 19. c3 Rxa2 20. Rxa2 Bxa2 21. Ra1 Be6 22. Ra7 Nxa7 0-1